000 00832nam a22002177a 4500
005 20240530110907.0
008 220214s0000 ua g 000 0 ara d
017 _bمصر. دار الكتب
040 _aEG-CaGPL
_cEG-CaGPL
082 0 4 _221
_a243 /
_bت ك
100 0 _aابن تيمية : تقى الدين ابوالعباس احمد بن عبدالحليم
245 1 2 _aكتاب الايمان /
_cابن تيمية : تقى الدين ابوالعباس احمد بن عبدالحليم
250 _aط. 1
260 _aالقاهرة :
_bالنور الاسلامية ،
_cد. ت
300 _a398 ص. ؛
_c24 سم
650 0 7 _2qrmak
_aالاسلام
650 0 7 _2qrmak
_aالايمان
700 _aمحمد ناصر الدين الالبانى
_eمحقق
942 _2ddc
_cBK
999 _c66238
_d66238